00831nai a2200193Ia 4500003000900000008004100009022002200050022002300072040001600095245011500111260008600226310001300312362003000325521006900355650004000424650003600464650004400500856009300544IN-BaIIA211028c9999 xx s 000 0 eng d a0097-2185 (Print) a2379-6774 (Online) cIIA Library 0aTransactions of the American Institute of Electrical Engineers, Part II: Applications and Industryh[eJournal] aNew York, USAbThe Institute of Electrical and Electronics Engineers, Inc. (IEEE) aAnnually a71(1); 1952 - 81(6); 1963 bSubscribed through National Knowledge Resource Consortium (NKRC) a Fields, Waves and Electromagnetics a Signal Processing and Analysis aPower, Energy and Industry Applications uhttps://ieeexplore.ieee.org/servlet/opac?punumber=6366379yClick Here to Access eJournal